00437nam a2200157Ia 4500003000400000008004100004040001600045082001300061100002000074245009300094260003200187300001000219650002300229650001500252650001200267GCL140319s9999 xx 000 0 eng d aGCL / cGCL04a822bM M1 aLA MURE, PIERRE10aMOULIN ROUGE: A NOVEL BASED ON THE LIFE OF HENRI DE TOULOUSE LANTREC / cLA MURE, PIERRE a[S.N] : bCOLLINS ، c1953 a448 P04aENGLISH LITERATURE04aLITERATURE04aFICTION